| 000 | 02321nam0a2200325 4500 | ||
|---|---|---|---|
| 001 | RU\NLR\bibl\1170404 | ||
| 005 | 20260407182708.0 | ||
| 010 |
_a978-5-91255-004-1 _9300 |
||
| 021 |
_aRU _b2007-77489 _94173 |
||
| 035 | _a(NLR Aleph) 001157094 | ||
| 090 |
_a1514021 _c1514021 |
||
| 100 | _a20071220d2007 |||y0rusy50 ca | ||
| 101 | 0 | _arus | |
| 102 | _aRU | ||
| 105 | _ay ||||||||| | ||
| 200 | 1 | _aII Форум женщин ЦФО "Роль женщины на современном этапе развития России", [25-27 ноября 2004 года] | |
| 210 |
_aРязань _cРязанская областная типография _d2007 |
||
| 215 |
_a259 с. _d20 |
||
| 300 | _aВ надзаг.: Аппарат полномоч. представителя Президента Рос. Федерации в Центр. федер. окр., Правительство Ряз. обл. | ||
| 320 | _aБиблиогр. в подстроч. прим. | ||
| 423 | 0 |
_12001#$aIII Форум женщин ЦФО "Женский взгляд на приоритетные национальные проекты", 24-25 апреля 2007 года _1210##$aРязань$cРязанская областная типография$d2007 _1215##$aС. 179-256 _171012$3RU\NLR\auth\8810117922$a"Женский взгляд на приоритеные национальные проекты", форум женщин ЦФО$d3$f2007$eРязань$4070 _tIII Форум женщин ЦФО "Женский взгляд на приоритетные национальные проекты", 24-25 апреля 2007 года _a"Женский взгляд на приоритеные национальные проекты", форум женщин ЦФО (3 ; 2007 ; Рязань) |
|
| 606 | 1 |
_aЖенщины _jСъезды, совещания и т.п. _yРоссийская Федерация _92080407 _3RU\NLR\auth\661256335 |
|
| 686 | _aТ3(2)74-297я431 | ||
| 686 | _aФ74(2)274я431 | ||
| 686 | _aС550.535я431 | ||
| 710 | 1 | 2 |
_a"Роль женщины на современном этапе развития России", форум женщин ЦФО _d2 _eРязань _f2004 _9734794 _3RU\NLR\AUTH\8810117921 |
| 801 | 0 |
_aRU _bNLR _c20071220 _gRCR |
|
| 801 | 1 |
_aRU _bNLR _c20071220 |
|
| 942 | _cBOOK | ||
| 980 | _aNB | ||